লোডিং...

Natyasastram

গ্রন্থ-পঞ্জীর বিবরন
প্রধান লেখক: Bharata
অন্যান্য লেখক: Narayanappisaroti, K.P.[tr.]
বিন্যাস: Printed Book
ভাষা:English
প্রকাশিত: Trichur Kerala Sahitya Academy 1971
LEADER 00505nam a22001577a 4500
005 20151026130224.0
008 090918t xxu||||| |||| 00| 0 eng d
080 |a 793.3=M  |b BHA.1 
100 |a Bharata  |9 4822 
245 |a Natyasastram  
490 |v V.1 
700 |a Narayanappisaroti, K.P.[tr.]  |9 4824 
942 |c BK  |6 _ 
260 |a Trichur   |b Kerala Sahitya Academy   |c 1971  |9 4823 
999 |c 2210  |d 2210 
952 |0 0  |1 0  |2 udc  |4 0  |6 7933M_BHA1  |7 0  |9 10383  |a UL  |b UL  |d 2009-09-18  |o 793.3=M BHA.1  |p H0002009  |r 2009-09-18  |w 2009-09-18  |y BK